000 01041nam a2200277 4500
001 0000023987
003 CO-CtgCURN
005 20250408125915.0
007 ta
008 160627s1995 000 0 eng d
040 _aCO-CtgCURN
_bspa
_ccoctgcurn
082 0 _a610.724
_bA168
110 2 _aAcademia Nacional de Medicina de Colombia.
245 1 0 _aTemas médicos /
_ceditor, Alberto Albornoz-Plata.
260 _aBogotá :
_bAcademia Nacional de Medicina de Colombia,
_c1995.
300 _av. 15.: il.
336 _2rdacontent
337 _2rdamedia
_asin mediacion
_bn
338 _2rdacarrier
_avolumen
_bnc
505 8 _aContenido: Trabajos medicos -- Trabajos quirurgicos -- Temas sociales, historicos y academicos -- Asociacion Latinoamericana de Academias Nacionales de Medicina
650 1 4 _aMedicina
_vColecciones de escritos.
700 1 _aI.Albornoz-Plata, Alberto,
_eEditor.
908 _a160627
942 _cBK
_h610.724
_iA168
_2ddc
_n0
999 _c21343
_d21343